000 01116cab a2200217 4500
001 X2539
008 090401t1995 xxu||||| |||| 00| 0 eng d
035 _a(Sirsi) u24883
041 _aeng
245 _aBraintree DC & others v SoS Environment, Safeway Stores plc and Bovis Homes Ltd
260 _c1995
350 _a0
490 _aNew Property Cases
_v1995 NPC 152
520 _aWhere an outline planning permission has been granted and an application for detailed consent has been made, details can only be approved for the development permitted by the outline permission. The task of interpreting the outline planning permission is a matter of law for the court. Having thus been determined the question wether the details are within the scope outline permission is a matter of fact and degree for the planning authority (Headnote from journal). NOTE: NO PHOTOCOPYING ALLOWED
650 _aBRAINTREE DC V SOS ENVIRONMENT SAFEWAY STORES PLC & BOVIS HOMES LTD
650 _aDETAILED CONSENT
650 _aPLANNING PERMISSION
690 _aPLANNING LAW AND PRACTICE
942 _n0
948 _c04/03/1997
999 _c16691
_d16691